Surové verzus tepelné ošetrené mlieko bakalrska práca

Guardado en:
Detalles Bibliográficos
Autor principal: Špaňová, Martina
Formato: Libro
Lenguaje:eslovaco
Publicado: Bratislava STU FCHPT 2016
Acceso en línea:Ver en el OPAC
Etiquetas: Agregar Etiqueta
Sin Etiquetas, Sea el primero en etiquetar este registro!

MARC

LEADER 00000nam a2200000 a 4500
005 20260127134042.0
008 160906 2016 000 0 slo d
035 |a vtls011577968 
039 9 |y 201609061110  |z mschk03 
040 |a STUSCHK1  |b slo  |c STUSCHK1  |e AACR2 
100 1 |a Špaňová, Martina 
245 1 |a Surové verzus tepelné ošetrené mlieko  |b bakalrska práca  |c Martina Špaňová 
260 |a Bratislava  |b STU FCHPT  |c 2016 
300 |a 45 s.  |b il.  |c 25 cm 
500 |a Študijný program: biotechnológia a potravinárska technológia 
500 |a Študijný odbor: biotechnológie 
500 |a Školiace pracovisko: Ústav potravinárstva a výživy 
500 |a Evid. číslo: FCHPT-13567-63793 
910 |a SCHK95 
999 |c 2964  |d 2964